[Event "France - Open A"]
[Site "Chartres"]
[Date "2019.08.23"]
[Round "7.34"]
[White "Serralta, Michel"]
[Black "Marchais, Antoine"]
[Result "1-0"]
[WhiteElo "2103"]
[BlackElo "1975"]
[PlyCount "57"]
[EventDate "2019.08.??"]
[EventType "swiss"]
[EventRounds "9"]
[EventCountry "FRA"]
[WhiteTeam "USAM Echiquier Brestois"]
[BlackTeam "Rennes Paul Bert"]

1. d4 e6 2. Nf3 f5 3. g3 Nf6 4. Bg2 Be7 5. c4 O-O 6. O-O d6 7. b3 Nc6 8. Bb2
Qe8 9. Nbd2 Ne4 10. Nxe4 fxe4 11. Ne1 d5 12. f3 exf3 13. Nxf3 dxc4 14. bxc4 Na5
15. Qd3 Rb8 16. Ne5 Rxf1+ 17. Rxf1 b5 18. Be4 g6 19. Bc1 Nxc4 20. Nf7 Qxf7 21.
Rxf7 Kxf7 22. Bc6 Ba6 23. Qf3+ Kg7 24. Qf4 Nd6 25. Qe5+ Bf6 26. Bh6+ Kf7 27.
Qf4 Ke7 28. e4 Bxd4+ 29. Kg2 1-0

[Event "France - Open A"]
[Site "Chartres"]
[Date "2019.08.23"]
[Round "7.35"]
[White "Trabet, Mathis"]
[Black "Schweitzer, Olaf"]
[Result "1/2-1/2"]
[WhiteElo "1989"]
[BlackElo "2065"]
[PlyCount "89"]
[EventDate "2019.08.??"]
[EventType "swiss"]
[EventRounds "9"]
[EventCountry "FRA"]
[WhiteTeam "Echecs Club de Corbas"]
[BlackTeam "Championnat de France 2019"]

1. e4 c5 2. Nf3 Nc6 3. Nc3 Nf6 4. Bb5 Nd4 5. e5 Nxb5 6. Nxb5 Nd5 7. Ng5 f5 8.
O-O e6 9. d4 c4 10. a4 a6 11. Nc3 Nxc3 12. bxc3 Be7 13. Nf3 Qa5 14. Bd2 Qd5 15.
Qb1 O-O 16. Bg5 Bxg5 17. Nxg5 b5 18. Qb4 Bb7 19. f3 h6 20. Nh3 g5 21. Rf2 Bc6
22. a5 Rf7 23. Raf1 Raf8 24. Kh1 Rg7 25. Ng1 f4 26. Ne2 Ba8 27. Qd6 Qxd6 28.
exd6 Rf5 29. Nc1 Rgf7 30. Na2 h5 31. Nb4 Bb7 32. h3 Rg7 33. Kh2 Rf6 34. Kg1 g4
35. fxg4 hxg4 36. Rxf4 Rxf4 37. Rxf4 gxh3 38. g4 h2+ 39. Kxh2 Rh7+ 40. Kg3 Rh1
41. g5 Kg7 42. g6 Rg1+ 43. Kh4 Rh1+ 44. Kg3 Rg1+ 45. Kh4 1/2-1/2

[Event "France - Open A"]
[Site "Chartres"]
[Date "2019.08.23"]
[Round "7.36"]
[White "Brouard, Gregoire"]
[Black "Juran, Baptiste"]
[Result "0-1"]
[WhiteElo "1979"]
[BlackElo "2038"]
[PlyCount "84"]
[EventDate "2019.08.??"]
[EventType "swiss"]
[EventRounds "9"]
[EventCountry "FRA"]
[WhiteTeam "J.E.E.N."]
[BlackTeam "Cercle d'Echecs de Villepinte"]

1. d4 d5 2. c4 c6 3. Nc3 Nf6 4. e3 a6 5. Nf3 b5 6. cxd5 cxd5 7. Qb3 e6 8. Ne5
Bd6 9. Bd3 Nbd7 10. f4 Bb7 11. Bd2 O-O 12. Nd1 Ne4 13. Bxe4 dxe4 14. Nf2 Nb6
15. h4 Bd5 16. Qd1 f6 17. Neg4 Nc4 18. b3 Nxd2 19. Qxd2 Qe7 20. O-O f5 21. Ne5
Qxh4 22. Nh3 Rfd8 23. Qe2 Rdc8 24. Kh2 Ra7 25. g3 Qf6 26. Rac1 Qd8 27. Kg2 Rac7
28. Rxc7 Rxc7 29. Rh1 g6 30. g4 Qc8 31. Kg3 Rc2 32. Qe1 Rxa2 33. Ng5 Qc2 34.
Qg1 Qe2 35. Ngf7 Bxe5 36. Nxe5 Bxb3 37. d5 Bxd5 38. Qc1 Rc2 39. Qa3 Qf2+ 40.
Kh3 g5 41. fxg5 Qg2+ 42. Kh4 Qxh1+ 0-1

[Event "France - Open A"]
[Site "Chartres"]
[Date "2019.08.23"]
[Round "7.37"]
[White "Kantzer, Romain"]
[Black "Leccia, Antoine"]
[Result "1/2-1/2"]
[WhiteElo "2034"]
[BlackElo "1969"]
[PlyCount "66"]
[EventDate "2019.08.??"]
[EventType "swiss"]
[EventRounds "9"]
[EventCountry "FRA"]
[WhiteTeam "Bischwiller"]
[BlackTeam "Corsica Chess Club"]

1. d4 e6 2. Bf4 Nf6 3. e3 d5 4. Nd2 c5 5. c3 Bd6 6. Bg3 O-O 7. Bd3 Qc7 8. Ngf3
Nbd7 9. O-O e5 10. dxe5 Nxe5 11. Nxe5 Bxe5 12. e4 Bxg3 13. hxg3 Bg4 14. Qa4 Bd7
15. Qc2 dxe4 16. Nxe4 Nxe4 17. Bxe4 g6 18. Rfe1 Bc6 19. Bxc6 Qxc6 20. Re4 Rfe8
21. Rh4 Re7 22. Qd2 Qf6 23. Re1 Rae8 24. Rxe7 Rxe7 25. Qh6 Qg7 26. Qg5 Qe5 27.
Qh6 Qg7 28. Qd2 Qf6 29. Kh2 b6 30. a4 Qe5 31. a5 Re6 32. Qh6 Qg7 33. Qd2 Qe5
1/2-1/2

[Event "France - Open A"]
[Site "Chartres"]
[Date "2019.08.23"]
[Round "7.38"]
[White "Veron, Cyprien"]
[Black "Bourges, Jerome"]
[Result "1-0"]
[WhiteElo "2012"]
[BlackElo "1962"]
[PlyCount "129"]
[EventDate "2019.08.??"]
[EventType "swiss"]
[EventRounds "9"]
[EventCountry "FRA"]
[WhiteTeam "Saint Hilaire Petitville"]
[BlackTeam "USAM Echiquier Brestois"]

1. Nf3 e6 2. c4 f5 3. g3 Nf6 4. Bg2 g6 5. O-O Bg7 6. Nc3 O-O 7. d3 d6 8. e4 Nc6
9. exf5 gxf5 10. d4 Ne4 11. Nxe4 fxe4 12. Ng5 d5 13. cxd5 exd5 14. Be3 h6 15.
Nh3 Bf5 16. Nf4 Qd7 17. Qd2 Qf7 18. Rac1 Rad8 19. Rc5 Nb8 20. Rfc1 c6 21. f3
Nd7 22. Ra5 a6 23. fxe4 Bxe4 24. Bh3 Rde8 25. Rf1 Nf6 26. Ra3 Bh7 27. Rb3 Ne4
28. Qc1 Qe7 29. Ne6 Rxf1+ 30. Qxf1 Nd6 31. Qc1 Qf6 32. Nf4 Bg6 33. Bf2 Re7 34.
Rf3 Be4 35. Rb3 Bg6 36. Bg2 Nb5 37. Rf3 Nxd4 38. Nxg6 Nxf3+ 39. Bxf3 Qxg6 40.
Bc5 Re8 41. Qd1 Qe6 42. Bb4 Bxb2 43. Bh5 Qe3+ 44. Kg2 Qe4+ 45. Kh3 Re5 46. Bd6
Rg5 47. Bf4 Rg7 48. Qd2 Qf5+ 49. g4 Qe4 50. Bxh6 Qf3+ 51. Kh4 Bf6+ 52. g5 Qe4+
53. Kh3 Qf5+ 54. Kh4 Re7 55. h3 Re5 56. Bg4 Qg6 57. gxf6 Qxf6+ 58. Bg5 Qh8+ 59.
Kg3 Qh7 60. Bf6 Re4 61. Qg5+ Kf8 62. Bf5 Qc7+ 63. Kf3 Re1 64. Qh6+ Kg8 65. Qh8+
1-0

[Event "France - Open A"]
[Site "Chartres"]
[Date "2019.08.23"]
[Round "7.39"]
[White "Bellaiche, Elise"]
[Black "Guillerm, Mischa"]
[Result "1/2-1/2"]
[WhiteElo "1996"]
[BlackElo "1960"]
[PlyCount "63"]
[EventDate "2019.08.??"]
[EventType "swiss"]
[EventRounds "9"]
[EventCountry "FRA"]
[WhiteTeam "Cercle d'Echecs de Villepinte"]
[BlackTeam "U.S. Orléans.Echecs"]

1. e4 e5 2. Nf3 Nc6 3. Bc4 Nf6 4. d3 Be7 5. c3 d6 6. Bb3 O-O 7. O-O Na5 8. Bc2
c5 9. h3 Nc6 10. d4 Qc7 11. d5 Nd8 12. c4 Ne8 13. Nc3 f6 14. Ne2 Nf7 15. Ng3 g6
16. Nh2 Ng7 17. Ng4 f5 18. exf5 Nxf5 19. Ne4 Qd8 20. a3 Ng5 21. b4 Nxe4 22.
Bxe4 Qc7 23. Qd3 Rb8 24. Bd2 b6 25. b5 Qd8 26. a4 Bg5 27. f4 Bxf4 28. Bxf4 exf4
29. Rxf4 Qg5 30. Raf1 Bd7 31. Qf3 Rf7 32. Qf2 1/2-1/2

[Event "France - Open A"]
[Site "Chartres"]
[Date "2019.08.23"]
[Round "7.40"]
[White "Emmenecker, Pierre-Antoine"]
[Black "Perradin, Vincent"]
[Result "1-0"]
[WhiteElo "2021"]
[BlackElo "1982"]
[PlyCount "69"]
[EventDate "2019.08.??"]
[EventType "swiss"]
[EventRounds "9"]
[EventCountry "FRA"]
[WhiteTeam "Issy-Les-Moulineaux"]
[BlackTeam "Echecs Club de Villeurbanne"]

1. e4 d5 2. exd5 Nf6 3. Bb5+ Bd7 4. Bc4 Bg4 5. f3 Bf5 6. Nc3 Nbd7 7. g4 Nb6 8.
Bb3 Bc8 9. d4 Nfxd5 10. Nxd5 Nxd5 11. c4 Nb6 12. Be3 e5 13. dxe5 Bb4+ 14. Kf1
Be6 15. Qc2 Qh4 16. c5 Nd5 17. Bxd5 Bxd5 18. Qa4+ c6 19. Qxb4 h5 20. Bf2 Qe7
21. Re1 hxg4 22. Qxg4 Rh6 23. Qxg7 Bc4+ 24. Ne2 Qe6 25. Qg8+ Ke7 26. Qg5+ Kf8
27. Qg4 Qd5 28. Qe4 Qe6 29. Rc1 Bd5 30. Nf4 Qd7 31. Nxd5 cxd5 32. Qb4 Ke8 33.
Rg1 a5 34. Rg8+ Ke7 35. Bh4+ 1-0

[Event "France - Open A"]
[Site "Chartres"]
[Date "2019.08.23"]
[Round "7.42"]
[White "Afraoui, Solenn"]
[Black "Dubuisson, Samuel"]
[Result "1/2-1/2"]
[WhiteElo "1974"]
[BlackElo "1996"]
[PlyCount "161"]
[EventDate "2019.08.??"]
[EventType "swiss"]
[EventRounds "9"]
[EventCountry "FRA"]
[WhiteTeam "U.S.Villejuif Echecs"]
[BlackTeam "Amicale Laique de Molinghem"]

1. e4 c5 2. Nf3 d6 3. d4 cxd4 4. Qxd4 Nc6 5. Bb5 Bd7 6. Bxc6 Bxc6 7. Nc3 e6 8.
Bg5 Nf6 9. O-O-O Be7 10. Qd3 Qa5 11. h4 a6 12. Nd4 Bd7 13. Kb1 h6 14. Bc1 O-O-O
15. Rhe1 Kb8 16. f3 Ne8 17. g3 Bf6 18. f4 Be7 19. Be3 Qc7 20. Nf3 Bf6 21. Ne2
Bb5 22. Qb3 Qc4 23. Qxc4 Bxc4 24. Bb6 Nc7 25. b3 Bxe2 26. Rxe2 Nb5 27. Ba5 Rc8
28. a4 Nc3+ 29. Bxc3 Rxc3 30. Rd3 Rhc8 31. Red2 b5 32. Rxc3 Rxc3 33. Rd3 bxa4
34. Rxc3 Bxc3 35. bxa4 Kc7 36. Ka2 Ba5 37. Kb3 Bb6 38. Kc4 Kc6 39. c3 d5+ 40.
exd5+ exd5+ 41. Kd3 h5 42. Ne5+ Kc7 43. Nxf7 Bf2 44. Ne5 Bxg3 45. Ng6 Kd6 46.
f5 Kc5 47. Nf8 Kd6 48. Ng6 Kc5 49. Nf8 Be5 50. Nd7+ Kd6 51. Nf8 Ke7 52. Ne6 Kf6
53. Nc5 Kxf5 54. Nxa6 Bg3 55. Nb4 Ke6 56. a5 Bxh4 57. a6 Bf2 58. Nc6 Kd6 59. a7
Bxa7 60. Nxa7 h4 61. Nb5+ Ke5 62. Ke3 h3 63. Kf3 g5 64. Kg3 g4 65. Nd4 Ke4 66.
Nb5 Ke3 67. Nc7 Ke4 68. Ne6 Kd3 69. Nf4+ Ke4 70. Ne2 Kd3 71. Nf4+ Ke4 72. Ne2
Kd3 73. Nc1+ Ke4 74. Ne2 Kf5 75. Nd4+ Ke5 76. Kxg4 h2 77. Nf3+ Ke4 78. Nxh2 Kd3
79. Nf3 Kxc3 80. Kf4 d4 81. Nxd4 1/2-1/2

[Event "France - Open A"]
[Site "Chartres"]
[Date "2019.08.23"]
[Round "7.43"]
[White "Fruteau, Sabine"]
[Black "Labrande, Theodore"]
[Result "0-1"]
[WhiteElo "1968"]
[BlackElo "1996"]
[PlyCount "104"]
[EventDate "2019.08.??"]
[EventType "swiss"]
[EventRounds "9"]
[EventCountry "FRA"]
[WhiteTeam "Orcher la Tour"]
[BlackTeam "La Tour Saint Pierroise"]

1. e4 c5 2. Nf3 Nc6 3. Bb5 d6 4. O-O Bd7 5. Re1 Nf6 6. c3 a6 7. Bf1 Bg4 8. d3
Bxf3 9. Qxf3 g6 10. Nd2 Bg7 11. g3 O-O 12. Bg2 Nd7 13. Qe2 Rb8 14. Nf1 b5 15.
f4 Qc8 16. Be3 Nb6 17. Rac1 Na4 18. Qc2 Qe6 19. a3 Qa2 20. Re2 Na5 21. b4 Qxc2
22. Rexc2 Nb7 23. Nd2 Rfc8 24. d4 Rc7 25. e5 Rbc8 26. bxc5 dxc5 27. d5 Na5 28.
c4 b4 29. axb4 cxb4 30. Ra1 Nxc4 31. Rxc4 Rxc4 32. Nxc4 Nc3 33. Nd2 f6 34. Rxa6
fxe5 35. fxe5 Bxe5 36. Nb3 Ne2+ 37. Kf1 Nc3 38. Bc5 Nd1 39. Bf3 Nb2 40. Ke2 Rc7
41. Rb6 Na4 42. Rc6 Nc3+ 43. Kd3 Rd7 44. Kc4 Kf7 45. Bxb4 Na4 46. Kb5 Nb2 47.
Nc5 Rd8 48. Ba5 Rb8+ 49. Rb6 Rc8 50. Rc6 Rb8+ 51. Bb6 Bd6 52. Ne4 Be5 {gain
noir au 78ème coup} 0-1

[Event "France - Open A"]
[Site "Chartres"]
[Date "2019.08.23"]
[Round "7.44"]
[White "Van Den Brande, Norman"]
[Black "Rasolo, Loick"]
[Result "1-0"]
[WhiteElo "1994"]
[BlackElo "1965"]
[PlyCount "41"]
[EventDate "2019.08.??"]
[EventType "swiss"]
[EventRounds "9"]
[EventCountry "FRA"]
[WhiteTeam "Maison des Echecs Toulouse Lardenne"]
[BlackTeam "Marseille Passion Echecs"]

1. d4 e6 2. c4 f5 3. Nf3 Nf6 4. g3 b6 5. Bg2 Bb7 6. O-O Be7 7. Nc3 O-O 8. Qc2
h6 9. Rd1 d6 10. d5 exd5 11. cxd5 Ng4 12. h3 Ne5 13. Nxe5 dxe5 14. d6 Bxg2 15.
dxe7 Qxe7 16. Kxg2 f4 17. Qe4 fxg3 18. fxg3 c6 19. Be3 Rf6 20. Qd3 Rf8 21. Rf1
1-0

[Event "France - Open A"]
[Site "Chartres"]
[Date "2019.08.23"]
[Round "7.45"]
[White "Radoman, Emmanuel"]
[Black "Steibel, Julien"]
[Result "0-1"]
[WhiteElo "1956"]
[BlackElo "1993"]
[PlyCount "74"]
[EventDate "2019.08.??"]
[EventType "swiss"]
[EventRounds "9"]
[EventCountry "FRA"]
[WhiteTeam "Nice Alekhine"]
[BlackTeam "Bischwiller"]

1. e4 c5 2. a3 Nc6 3. b4 b6 4. b5 Na5 5. Nc3 g6 6. Nf3 Bg7 7. Rb1 e6 8. Bb2 Ne7
9. Be2 O-O 10. O-O Bb7 11. d3 d5 12. Nd2 d4 13. Na2 g5 14. Nc1 f5 15. exf5 exf5
16. Bf3 Bxf3 17. Qxf3 Nd5 18. Nc4 g4 19. Qd1 Nxc4 20. dxc4 Nf4 21. Nd3 Ng6 22.
Bc1 Qd6 23. Re1 Rae8 24. g3 Rxe1+ 25. Qxe1 Qd7 26. Bf4 Qf7 27. Nb2 Re8 28. Qd2
Re4 29. Re1 Nxf4 30. gxf4 Bh6 31. Nd3 Qe6 32. Rxe4 fxe4 33. Qe2 Qf5 34. Ne5
Bxf4 35. Qxg4+ Qxg4+ 36. Nxg4 Kg7 37. f3 e3 0-1

[Event "France - Open A"]
[Site "Chartres"]
[Date "2019.08.23"]
[Round "7.46"]
[White "Gueriche, Guillaume"]
[Black "Haberthur, Maxime"]
[Result "0-1"]
[WhiteElo "1950"]
[BlackElo "1985"]
[PlyCount "60"]
[EventDate "2019.08.??"]
[EventType "swiss"]
[EventRounds "9"]
[EventCountry "FRA"]
[WhiteTeam "Lyon Olympique Echecs"]
[BlackTeam "Echiquier Clermontois Arverne - ECA"]

1. b3 g6 2. Bb2 Nf6 3. c4 Bg7 4. Nf3 O-O 5. e3 c5 6. Be2 Nc6 7. O-O d6 8. d4
cxd4 9. exd4 d5 10. c5 Ne4 11. Re1 Nxc5 12. Bb5 Ne4 13. Nbd2 Nxd2 14. Qxd2 Bd7
15. Rac1 Re8 16. Rc5 e6 17. Rec1 Qb6 18. a4 a6 19. a5 Qd8 20. Ba4 Bf8 21. R1c3
Bxc5 22. dxc5 f6 23. h4 Qe7 24. h5 Rad8 25. hxg6 hxg6 26. Nh4 g5 27. Rg3 e5 28.
Qxd5+ Be6 29. Qf3 Qh7 30. Qxf6 Rd1+ 0-1

[Event "France - Open A"]
[Site "Chartres"]
[Date "2019.08.23"]
[Round "7.47"]
[White "Afraoui, Anaelle"]
[Black "Arnaud, Aurelien"]
[Result "1/2-1/2"]
[WhiteElo "2163"]
[BlackElo "2160"]
[PlyCount "158"]
[EventDate "2019.08.??"]
[EventType "swiss"]
[EventRounds "9"]
[EventCountry "FRA"]
[WhiteTeam "Clichy-Echecs-92"]
[BlackTeam "L'Echiquier Châlonnais"]

1. e4 e5 2. Nf3 Nc6 3. Bb5 a6 4. Ba4 Nf6 5. O-O Be7 6. Re1 b5 7. Bb3 d6 8. c3
O-O 9. h3 Nb8 10. d4 Nbd7 11. Nbd2 Bb7 12. Bc2 Re8 13. a4 c5 14. d5 c4 15. b3
cxb3 16. Nxb3 Qc7 17. Bd2 Nb6 18. Na5 Nfd7 19. Qe2 Nxa4 20. Bxa4 Qxa5 21. c4
Qb6 22. Be3 Nc5 23. cxb5 axb5 24. Bxb5 Reb8 25. Rab1 Qc7 26. Rec1 Ba6 27. Bxc5
Bxb5 28. Rxb5 dxc5 29. Rcb1 Rxb5 30. Qxb5 Bd6 31. Nd2 Qd8 32. Qb6 Qf8 33. Qc6
Rc8 34. Qa6 Ra8 35. Qd3 Rb8 36. Rxb8 Qxb8 37. Nc4 f6 38. Qc2 Bf8 39. Kh2 Kf7
40. Qa2 Ke7 41. Qa6 Qe8 42. Qe6+ Kd8 43. Qb6+ Kc8 44. d6 Qd7 45. Qxc5+ Kd8 46.
Qd5 Ke8 47. g3 g5 48. Kg2 h5 49. Qd1 g4 50. hxg4 Qc6 51. Qd3 hxg4 52. Ne3 Bxd6
53. Nxg4 f5 54. Nf6+ Kf7 55. Nd5 fxe4 56. Qxe4 Bb8 57. Qf3+ Ke6 58. Nc3 Qxf3+
59. Kxf3 Ba7 60. Nd1 Kf6 61. Ne3 Bb8 62. Ke4 Ke6 63. Ng4 Bc7 64. f3 Bd6 65. Ne3
Bc7 66. Nc4 Bb8 67. g4 Bc7 68. Na3 Bd8 69. Nb5 Bb6 70. Nc3 Ba5 71. Nd5 Bd8 72.
Ne3 Be7 73. Nf5 Bf6 74. Ng3 Be7 75. Nh5 Bd8 76. Ng7+ Kf7 77. Nf5 Ke6 78. Ne3
Be7 79. Nc4 Bf6 1/2-1/2

[Event "France - Open A"]
[Site "Chartres"]
[Date "2019.08.23"]
[Round "7.48"]
[White "Logie, Marc"]
[Black "Fischer, Thorange"]
[Result "1-0"]
[WhiteElo "1980"]
[BlackElo "1979"]
[PlyCount "97"]
[EventDate "2019.08.??"]
[EventType "swiss"]
[EventRounds "9"]
[EventCountry "FRA"]
[WhiteTeam "Club d'Echecs du Vesinet"]
[BlackTeam "Clichy-Echecs-92"]

1. d4 d5 2. Nf3 e6 3. Bf4 Nf6 4. e3 Bd6 5. Bxd6 Qxd6 6. c4 c6 7. Nc3 Nbd7 8.
cxd5 exd5 9. Bd3 O-O 10. O-O Re8 11. Qc2 h6 12. a3 Qe7 13. b4 Ne4 14. Rfc1 f5
15. Na4 a6 16. Nc5 Ndxc5 17. bxc5 g5 18. Ne5 Qe6 19. Rab1 h5 20. Bxe4 fxe4 21.
Rb6 g4 22. Qe2 Kh8 23. f3 gxf3 24. gxf3 Qh3 25. fxe4 Rg8+ 26. Kh1 Bg4 27. Nxg4
Rxg4 28. Rg1 Rxg1+ 29. Kxg1 Rg8+ 30. Kh1 Rf8 31. Rb1 dxe4 32. Qg2 Qxe3 33. Rg1
Qf3 34. Qxf3 exf3 35. Rb1 Rf4 36. Rd1 Kg7 37. Kg1 Rg4+ 38. Kf2 Rg2+ 39. Kxf3
Rxh2 40. Rb1 Kf6 41. Rxb7 Ke6 42. Ke4 Rh4+ 43. Kd3 Rh3+ 44. Kc4 Rxa3 45. Rc7 h4
46. Rxc6+ Kf5 47. Rh6 h3 48. c6 Ra1 49. Rxh3 1-0

[Event "France - Open A"]
[Site "Chartres"]
[Date "2019.08.23"]
[Round "7.49"]
[White "Prevot, Rodolphe"]
[Black "Dube, Dimitri"]
[Result "0-1"]
[WhiteElo "1933"]
[BlackElo "2056"]
[PlyCount "78"]
[EventDate "2019.08.??"]
[EventType "swiss"]
[EventRounds "9"]
[EventCountry "FRA"]
[WhiteTeam "A.A.J. Blois"]
[BlackTeam "Echiquier Tourangeau"]

1. f4 d5 2. Nf3 e6 3. g3 Nh6 4. Bg2 Be7 5. d3 c5 6. O-O O-O 7. e4 f6 8. Nc3 d4
9. Ne2 Nc6 10. h3 Nf7 11. g4 Bd7 12. Bd2 b5 13. Kh1 Kh8 14. Ng3 c4 15. Qe2 cxd3
16. cxd3 g6 17. e5 Rc8 18. exf6 Bxf6 19. Ne4 Be7 20. Rac1 Qb6 21. Nfg5 h6 22.
Nxf7+ Rxf7 23. a3 Rcf8 24. b4 Kh7 25. Rc2 e5 26. Rfc1 exf4 27. Rxc6 Bxc6 28.
Rxc6 f3 29. Bxf3 Qxc6 30. Ng5+ Bxg5 31. Bxc6 Rf2 32. Qe6 Bxd2 33. Be8 R8f6 34.
Qd7+ Kg8 35. Qd5+ Kf8 36. Qd8 Rf1+ 37. Kg2 R6f2+ 38. Kg3 Bf4+ 39. Kh4 Bg5+ 0-1

[Event "France - Open A"]
[Site "Chartres"]
[Date "2019.08.23"]
[Round "7.50"]
[White "Galloux, Maxime"]
[Black "Gautier, Joel"]
[Result "0-1"]
[WhiteElo "2039"]
[BlackElo "1975"]
[PlyCount "80"]
[EventDate "2019.08.??"]
[EventType "swiss"]
[EventRounds "9"]
[EventCountry "FRA"]
[WhiteTeam "Tour Blanche Echecs"]
[BlackTeam "Ass des joueurs d'Echecs du Barreau de Paris"]

1. e4 c5 2. Nf3 e6 3. d4 cxd4 4. Nxd4 a6 5. Nc3 Qc7 6. Bd3 b5 7. O-O Bb7 8. Re1
Bc5 9. Nb3 Be7 10. Qg4 g6 11. Bg5 b4 12. Bxe7 Nxe7 13. Nb1 Nbc6 14. N1d2 O-O
15. Qh4 Qe5 16. Nc4 Qg7 17. Nd6 Bc8 18. Rab1 a5 19. e5 f6 20. f4 fxe5 21. fxe5
Ba6 22. Be4 Ra7 23. Bxc6 Nxc6 24. Qg3 Rc7 25. Nc5 Bc8 26. Qe3 Ne7 27. Rf1 Nf5
28. Nxf5 Rxf5 29. Rxf5 gxf5 30. Rd1 Qe7 31. Rd6 Bb7 32. Qd4 Bd5 33. Qe3 Qg7 34.
g3 f4 35. Qd4 fxg3 36. Rxd5 exd5 37. Qxd5+ Qf7 38. Qa8+ Kg7 39. Ne4 gxh2+ 40.
Kxh2 Rxc2+ 0-1

[Event "France - Open A"]
[Site "Chartres"]
[Date "2019.08.24"]
[Round "8.7"]
[White "Nguyen-Cadoret, Nathan"]
[Black "Rode, Antony"]
[Result "1/2-1/2"]
[WhiteElo "2122"]
[BlackElo "2076"]
[PlyCount "105"]
[EventDate "2019.08.??"]
[EventType "swiss"]
[EventRounds "9"]
[EventCountry "FRA"]
[WhiteTeam "Cercle d'Echecs de Villepinte"]
[BlackTeam "Club d'Echecs du Vesinet"]

1. d4 Nf6 2. c4 e6 3. Nf3 d5 4. g3 dxc4 5. Bg2 Bd7 6. Ne5 Bc6 7. Nxc6 Nxc6 8.
Bxc6+ bxc6 9. O-O c5 10. dxc5 Qxd1 11. Rxd1 Bxc5 12. Nd2 Rd8 13. Rf1 c3 14.
bxc3 Nd5 15. Nb3 Be7 16. Bd2 Nb6 17. Be3 Bf6 18. Bd4 e5 19. Bxb6 cxb6 20. c4
Rc8 21. Rac1 Be7 22. Rfd1 Ba3 23. Rc2 Ke7 24. Rcd2 Rc7 25. Na1 Rhc8 26. Nc2 Bc5
27. Kf1 Ke6 28. e4 Rc6 29. Rd7 R8c7 30. Rxc7 Rxc7 31. Rd5 g6 32. Ke2 h5 33. h3
g5 34. f3 f6 35. Kd2 Bf2 36. g4 hxg4 37. hxg4 Bc5 38. a4 a6 39. Rd8 Rh7 40. Ra8
a5 41. Ne3 Bxe3+ 42. Kxe3 Kd6 43. Rf8 Rh6 44. Rd8+ Kc5 45. Rc8+ Kd6 46. c5+
bxc5 47. Ra8 c4 48. Rxa5 Kc6 49. Kd2 Kb6 50. Rd5 Kc6 51. Ra5 Kb6 52. Rd5 Kc6
53. Ra5 1/2-1/2

[Event "France - Open A"]
[Site "Chartres"]
[Date "2019.08.24"]
[Round "8.8"]
[White "Eche, Sylvain"]
[Black "Vedovotto, Nicolas"]
[Result "0-1"]
[WhiteElo "2058"]
[BlackElo "2199"]
[PlyCount "72"]
[EventDate "2019.08.??"]
[EventType "swiss"]
[EventRounds "9"]
[EventCountry "FRA"]
[WhiteTeam "C'Chartres Echecs"]
[BlackTeam "L'Echiquier Châlonnais"]

1. e4 Nc6 2. Nf3 d5 3. exd5 Qxd5 4. Nc3 Qa5 5. d4 Bg4 6. Bb5 O-O-O 7. Bxc6 bxc6
8. Qe2 Nf6 9. h3 Bxf3 10. Qxf3 Qa6 11. Ne2 e6 12. O-O c5 13. dxc5 Bxc5 14. Bg5
Qb7 15. Qc3 Rd5 16. Be3 Ne4 17. Qxg7 Rdd8 18. Bxc5 Rhg8 19. Qxf7 Rxg2+ 20. Kxg2
Ng5+ 21. f3 Nxf7 22. Bd4 Rg8+ 23. Kh2 e5 24. Bc3 e4 25. f4 e3 26. Rg1 Rxg1 27.
Rxg1 Qf3 28. Rg2 Nd6 29. Be5 Nf5 30. Ng1 Qf1 31. c4 Nh4 32. Rc2 Qd3 33. Rc3
Qd2+ 34. Kg3 Qf2+ 35. Kg4 Qxg1+ 36. Kxh4 e2 0-1

[Event "France - Open A"]
[Site "Chartres"]
[Date "2019.08.24"]
[Round "8.9"]
[White "Frantz, Nicolas"]
[Black "Derige Kane, Yan"]
[Result "0-1"]
[WhiteElo "2045"]
[BlackElo "2156"]
[PlyCount "88"]
[EventDate "2019.08.??"]
[EventType "swiss"]
[EventRounds "9"]
[EventCountry "FRA"]
[WhiteTeam "Vandoeuvre-Echecs"]
[BlackTeam "Marseille Passion Echecs"]

1. e4 e5 2. Nf3 Nc6 3. Bb5 a6 4. Ba4 Nf6 5. O-O Bc5 6. c3 b5 7. Bc2 d6 8. d4
Bb6 9. a4 Bb7 10. Na3 h6 11. Bd3 exd4 12. axb5 axb5 13. Bxb5 O-O 14. cxd4 Nxe4
15. Be3 Ne7 16. Bd3 Nf5 17. Nc4 Rxa1 18. Qxa1 Nxe3 19. fxe3 Ng5 20. Be2 Qe7 21.
Qc1 Re8 22. Qd2 Bd5 23. Nxb6 Bxf3 24. Bxf3 cxb6 25. Re1 Nxf3+ 26. gxf3 Qg5+ 27.
Kh1 d5 28. Qf2 Re6 29. f4 Qf5 30. Qf3 Kh7 31. Qe2 Qe4+ 32. Qg2 Qxd4 33. Qc2+
Qe4+ 34. Qxe4+ Rxe4 35. Rd1 Rxe3 36. Rxd5 Re1+ 37. Kg2 Re2+ 38. Kg3 Rxb2 39.
Rd7 Kg6 40. Rd6+ f6 41. Rd7 h5 42. h3 Rb3+ 43. Kh4 Rf3 44. Rd3 Rxd3 0-1

[Event "France - Open A"]
[Site "Chartres"]
[Date "2019.08.24"]
[Round "8.10"]
[White "Batteux, Mickael"]
[Black "Sabatier, Mathis"]
[Result "1/2-1/2"]
[WhiteElo "2037"]
[BlackElo "2152"]
[PlyCount "88"]
[EventDate "2019.08.??"]
[EventType "swiss"]
[EventRounds "9"]
[EventCountry "FRA"]
[WhiteTeam "Fillé sur Sarthe"]
[BlackTeam "Echecs Club de Corbas"]

1. d4 Nf6 2. Nf3 g6 3. Nc3 d5 4. Bf4 Bg7 5. e3 O-O 6. Be2 c5 7. Ne5 Nc6 8. O-O
Ne8 9. Bf3 Nxe5 10. Bxe5 Bxe5 11. dxe5 e6 12. Bg4 b6 13. f4 f6 14. exf6 Nxf6
15. Bf3 Bb7 16. Qe1 Qe7 17. Qh4 e5 18. fxe5 Qxe5 19. Rfe1 Rad8 20. Rad1 Ba8 21.
a4 a6 22. Kh1 Bc6 23. Kg1 b5 24. axb5 axb5 25. Ra1 b4 26. Nd1 Ra8 27. Rxa8 Rxa8
28. c4 Rf8 29. cxd5 Bxd5 30. Bxd5+ Qxd5 31. e4 Qe5 32. b3 Nh5 33. Qh3 Nf4 34.
Qe3 Ne6 35. Nf2 Nd4 36. Rf1 Qe6 37. Rb1 Qa6 38. Qd3 Ne2+ 39. Kh1 Qxd3 40. Nxd3
Nc3 41. Rc1 Nxe4 42. Kg1 Rf5 43. h3 Kf7 44. Rc4 Nd2 1/2-1/2

[Event "France - Open A"]
[Site "Chartres"]
[Date "2019.08.24"]
[Round "8.11"]
[White "Guignier, Nicolas"]
[Black "Weibel, Theo"]
[Result "1-0"]
[WhiteElo "2151"]
[BlackElo "2081"]
[PlyCount "83"]
[EventDate "2019.08.??"]
[EventType "swiss"]
[EventRounds "9"]
[EventCountry "FRA"]
[WhiteTeam "Dijon Echiquier des Ducs"]
[BlackTeam "Echiquier Club Le Mans"]

1. g4 c5 2. Bg2 g6 3. e3 Bg7 4. Ne2 Nc6 5. Nf4 e6 6. c4 Nge7 7. Nc3 d6 8. a3 a6
9. Rb1 Qa5 10. Ne4 O-O 11. Nxd6 Rd8 12. Nxc8 Raxc8 13. O-O b5 14. Qe2 Ne5 15.
cxb5 axb5 16. b4 cxb4 17. d4 Nc4 18. axb4 Qa4 19. Nd3 Nd5 20. Bxd5 Rxd5 21. Bb2
Qa7 22. Rfc1 h5 23. h3 hxg4 24. hxg4 Qe7 25. Bc3 Qh4 26. Be1 Bh6 27. Ne5 Kg7
28. f4 Qh3 29. Qf3 Qxf3 30. Nxf3 Kg8 31. g5 Bf8 32. Ne5 Rd6 33. Ra1 Rc7 34. Ra8
Rb6 35. Bg3 Kg7 36. Ng4 Rcb7 37. Nf6 Rb8 38. Ra2 R8b7 39. Rh2 Bxb4 40. Rh7+ Kf8
41. f5 Nd6 42. Bxd6+ 1-0